Wilbur e seus amigos (Registo nº 3584)

Detalhes MARC
000 -Etiqueta do registo
Cabeçalho 01012ngm0a2200313 4500
005 - Identificador da versão
Campo de controlo 20240813122005.0
021 ## - Número do Depósito Legal
Código do país PT
071 0# - Número do editor (registos sonoros e música) 
Número do editor 7387/03
100 ## - Dados gerais de processamento
Dados gerais de processamento 20050630d2003 bc y0pory5003 ba
102 ## - Pais de publicação ou produção
País de publicação Portugal
101 0# - Língua de publicação
Língua do texto, banda sonora, etc. Português
Língua do documento no original Inglês
Língua das legendas Português
115 ## - Campo de dados codificados: Projecções Visuais, Filmes e Vídeos
Dados modificados - geral a063bbz zzzz zzxxc
215 ## - Descrição física 
Indicação específica da natureza do documento e extensão da espécie 1 DVD (PAL 2) (80 min.)
Outras indicações físicas col., son.
200 1# - Titulo e menção de responsabilidade
Título próprio Wilbur e seus amigos
Indicação geral da natureza do documento Registo vídeo
Primeira menção de responsabilidade realiz. Mario Piluso
Outras menções de responsabilidade bas. nos personagens criados por E.B. White
210 ## - Publicação, Distribuição, etc. 
Lugar da edição, distribuição, etc. PT
Nome do editor, distribuidor, etc. Universal Pictures Portugal
Data da publicação, distribuição, etc. 2003
306 ## - Notas relativas a publicação, distribuição, etc. 
Texto da nota Distribuidor cinema: Lusomundo
305 ## - Notas relativas à edição e história bibliográfica da publicação 
Texto da nota Data de lançamento: 2003
333 ## - Nota relativa aos potenciais utilizadores
Texto da nota Classificação: M4
327 1# - Nota de conteúdo 
Texto da nota Conteúdo: Idiomas: português, inglês, espanhol e italiano ; Material de Bónus: jogos.
606 ## - Nome comum usado como assunto
Número de registo de entrada de autoridade 0002834
Palavra de ordem Filme
Subdivisão de assunto Animação infantil
610 1# - Termos de indexação não controlados
Subject Term DVD cinema
702 #1 - Nome de autor-pessoa física (responsabilidade secundária)
Número de registo de entrada de autoridade 0002847
Palavra de ordem Piluso
Outra parte do nome não tomada para palavra de ordem Mario
Código de função Diretor / Director teatral / Realizador
Número de registo de entrada de autoridade 0002848
Palavra de ordem White
Outra parte do nome não tomada para palavra de ordem E. B.
Código de função Antecedente bibliográfico
942 ## - Elementos de entrada adicionados (Koha)
Tipo de item no Koha Livro
Exemplares
Situação do levantamento Origin of item (home branch) (coded) Biblioteca de empréstimo Código de barras Cota Circulation type (not for loan) Tipo de documento Nota do exemplar Damaged status
  Biblioteca Escolar da Coca Maravilhas Biblioteca Escolar da Coca Maravilhas BECM27d/04 F WIL   DVD Sem mensagem